[Event "HUN-chT2 Asztalos 1415"]
[Site "Hungary"]
[Date "2014.11.16"]
[Round "2"]
[White "Prantner, Janos Jr"]
[Black "Palotas, Karoly"]
[Result "0-1"]
[WhiteElo "2021"]
[BlackElo "1784"]
[PlyCount "44"]
[EventDate "2014.10.12"]
[EventType "team-tourn"]
[EventRounds "9"]
[EventCountry "HUN"]
[SourceTitle "EXT 2016"]
[Source "ChessBase"]
[SourceDate "2015.10.08"]
[SourceVersion "1"]
[SourceVersionDate "2015.10.08"]
[SourceQuality "1"]
[WhiteTeam "Decs II"]
[BlackTeam "Marcali"]
[WhiteTeamCountry "HUN"]
[BlackTeamCountry "HUN"]

1. d4 Nf6 2. Nc3 d5 3. Bg5 e6 4. e4 dxe4 5. Nxe4 Be7 6. Bxf6 Bxf6 7. c3 Nd7 8. Bd3 Be7 9. Nf3 Nf6 10. Qe2 a6 11. 0-0 b6 12. Rfe1 Bb7 13. Rad1 0-0 14. Ne5 Nxe4 15. Bxe4 Bxe4 16. Qxe4 Bf6 17. Ng4 h5 18. Nxf6+ Qxf6 19. Qc6 Rac8 20. Re5 Rfd8 21. Rxh5 g6 22. Re5 Qxe5 0-1

[Event "HUN-chT2 Charousek 1011"]
[Site "Hungary"]
[Date "2011.05.01"]
[Round "10"]
[White "Prantner, Janos Jr"]
[Black "Bagi, Mate"]
[Result "0-1"]
[WhiteElo "2053"]
[BlackElo "2224"]
[PlyCount "86"]
[EventDate "2010.09.12"]
[EventType "team-tourn"]
[EventRounds "11"]
[EventCountry "HUN"]
[SourceTitle "EXT 2012"]
[Source "ChessBase"]
[SourceDate "2011.11.24"]
[SourceVersion "1"]
[SourceVersionDate "2011.11.24"]
[SourceQuality "1"]
[WhiteTeam "Decs II"]
[BlackTeam "Tatai Honved"]
[WhiteTeamCountry "HUN"]
[BlackTeamCountry "HUN"]

1. d4 Nf6 2. Nf3 c5 3. c3 g6 4. Bf4 Bg7 5. e3 cxd4 6. exd4 0-0 7. h3 b6 8. Nbd2 Bb7 9. Bd3 d6 10. 0-0 e5 11. Bg5 h6 12. Bxf6 Qxf6 13. Be4 Qe7 14. Bxb7 Qxb7 15. Re1 Nc6 16. Nc4 Rad8 17. dxe5 dxe5 18. Qe2 Rfe8 19. Rad1 Qc7 20. Rxd8 Rxd8 21. Rd1 Kh7 22. Rxd8 Qxd8 23. Qd2 Qxd2 24. Nfxd2 f5 25. a4 Kg8 26. Kf1 Kf7 27. Ke2 Ke6 28. f3 h5 29. Kd3 Ne7 30. Ne3 Bh6 31. Ndf1 Bf8 32. Kc4 a6 33. b4 g5 34. g4 fxg4 35. fxg4 h4 36. Nd2 Ng6 37. Ne4 Be7 38. Nd5 b5+ 39. axb5 axb5+ 40. Kxb5 Kxd5 41. Nf2 e4 42. c4+ Kd4 43. c5 e3 0-1

[Event "HUN-chT2 Charousek 1011"]
[Site "Hungary"]
[Date "2011.04.10"]
[Round "8"]
[White "Kaczur, Florian"]
[Black "Prantner, Janos Jr"]
[Result "1-0"]
[WhiteElo "2035"]
[BlackElo "2053"]
[PlyCount "99"]
[EventDate "2010.09.12"]
[EventType "team-tourn"]
[EventRounds "11"]
[EventCountry "HUN"]
[SourceTitle "EXT 2012"]
[Source "ChessBase"]
[SourceDate "2011.11.24"]
[SourceVersion "1"]
[SourceVersionDate "2011.11.24"]
[SourceQuality "1"]
[WhiteTeam "Paks II"]
[BlackTeam "Decs II"]
[WhiteTeamCountry "HUN"]
[BlackTeamCountry "HUN"]

1. d4 e6 2. c4 f5 3. g3 Nf6 4. Bg2 d5 5. Nf3 c6 6. b3 Bb4+ 7. Bd2 Bd6 8. 0-0 0-0 9. Bc3 Ne4 10. Qc2 Nd7 11. Nbd2 Nxc3 12. Qxc3 Nf6 13. Ne5 Ne4 14. Nxe4 fxe4 15. f3 exf3 16. exf3 Bxe5 17. dxe5 b5 18. c5 a5 19. a3 Bd7 20. b4 Ra6 21. Qd4 Qg5 22. f4 Qf5 23. Rfe1 Rfa8 24. Bf1 axb4 25. axb4 Qf8 26. Rxa6 Rxa6 27. Ra1 Qa8 28. Rxa6 Qxa6 29. Qb2 Qa4 30. Be2 g6 31. Kf2 Kf7 32. Ke1 Kg7 33. Kd2 h5 34. Bd1 Qa8 35. Kc1 Be8 36. Kb1 Qa7 37. Qc3 Kh6 38. Kb2 Bf7 39. Bc2 Qa8 40. Qe3 Kg7 41. h3 Be8 42. Qc3 Kh6 43. Qf3 Qb7 44. h4 Qf7 45. Qa3 Qe7 46. Qa8 Kg7 47. Qb8 Kf7 48. Qd6 Qd7 49. Bd3 Qb7 50. Bxg6+ 1-0

[Event "HUN-chT2 Charousek 1011"]
[Site "Hungary"]
[Date "2011.03.27"]
[Round "7"]
[White "Prantner, Janos Jr"]
[Black "Kormos, Adam"]
[Result "1/2-1/2"]
[WhiteElo "2053"]
[BlackElo "2250"]
[PlyCount "88"]
[EventDate "2010.09.12"]
[EventType "team-tourn"]
[EventRounds "11"]
[EventCountry "HUN"]
[SourceTitle "EXT 2012"]
[Source "ChessBase"]
[SourceDate "2011.11.24"]
[SourceVersion "1"]
[SourceVersionDate "2011.11.24"]
[SourceQuality "1"]
[WhiteTeam "Decs II"]
[BlackTeam "BEAC"]
[WhiteTeamCountry "HUN"]
[BlackTeamCountry "HUN"]

1. d4 Nf6 2. Nc3 d5 3. Bg5 Nbd7 4. e3 e6 5. a3 c5 6. Nf3 Be7 7. dxc5 Nxc5 8. Bb5+ Bd7 9. 0-0 0-0 10. Bxd7 Nfxd7 11. Bxe7 Qxe7 12. Qd4 Qf6 13. Qxf6 Nxf6 14. Ne5 Rac8 15. Rac1 a6 16. f3 Rc7 17. Nd3 Ncd7 18. Rfd1 Rfc8 19. Rd2 Nb6 20. Ne5 Ne8 21. Nd1 f6 22. Nd3 Nc4 23. Re2 Na5 24. c3 Nb3 25. Rb1 Nd6 26. Nf4 Kf7 27. Nf2 Nc4 28. Rd1 g5 29. N4d3 Rd8 30. Nc1 Nxc1 31. Rxc1 Rc6 32. Rce1 Rb6 33. Nd1 Rdd6 34. Kf2 Rb3 35. Rc2 Rdb6 36. Ree2 h5 37. g3 g4 38. Kg2 Ne5 39. f4 Nc4 40. h4 Ke7 41. Kf2 Nd6 42. Kg2 Nc4 43. Kf2 Nd6 44. Kg2 Nc4 1/2-1/2

[Event "HUN-chT2 Asztalos 0607"]
[Site "Hungary"]
[Date "2006.11.12"]
[Round "1"]
[White "Koppany, Tamas"]
[Black "Prantner, Janos Jr"]
[Result "1/2-1/2"]
[WhiteElo "2025"]
[BlackElo "2095"]
[PlyCount "26"]
[EventDate "2006.11.12"]
[EventType "team"]
[EventRounds "11"]
[EventCountry "HUN"]
[SourceTitle "EXT 2008"]
[Source "ChessBase"]
[SourceDate "2007.11.25"]
[SourceVersion "1"]
[SourceVersionDate "2007.11.25"]
[SourceQuality "1"]
[WhiteTeam "Nagyatad"]
[BlackTeam "Szekszard"]
[WhiteTeamCountry "HUN"]
[BlackTeamCountry "HUN"]

1. d4 d5 2. e3 e6 3. f4 c5 4. c3 Nc6 5. Nf3 f5 6. b3 Nf6 7. Bd3 Bd7 8. 0-0 Be7 9. Bb2 0-0 10. Nbd2 Ne4 11. Ne5 Nxe5 12. fxe5 Bg5 13. Qe2 cxd4 1/2-1/2

[Event "HUN-chT2 Charousek 0506"]
[Site "Hungary"]
[Date "2006.01.22"]
[Round "6"]
[White "Nagy, Lajos1111"]
[Black "Prantner, Janos Jr"]
[Result "1/2-1/2"]
[WhiteElo "2000"]
[BlackElo "2097"]
[PlyCount "91"]
[EventDate "2005.10.16"]
[EventType "team"]
[EventRounds "11"]
[EventCountry "HUN"]
[SourceTitle "EXT 2009"]
[Source "ChessBase"]
[SourceDate "2008.11.26"]
[SourceVersion "1"]
[SourceVersionDate "2008.11.26"]
[SourceQuality "1"]
[WhiteTeam "Paks II"]
[BlackTeam "Decs"]
[WhiteTeamCountry "HUN"]
[BlackTeamCountry "HUN"]

1. e4 d5 2. exd5 Qxd5 3. Nc3 Qa5 4. d4 Nf6 5. Nf3 c6 6. Bd2 Qc7 7. Bc4 Bf5 8. Bb3 e6 9. Qe2 Bb4 10. Ne5 Nbd7 11. g4 Bg6 12. h4 Bxc3 13. bxc3 c5 14. f3 h5 15. Nxg6 Qg3+ 16. Kd1 fxg6 17. g5 Nh7 18. Bxe6 0-0-0 19. Qe4 Rhf8 20. Bd5 Rde8 21. Bxb7+ Kb8 22. Qc6 cxd4 23. cxd4 Nb6 24. Bb4 Rd8 25. Bc5 Rf7 26. Ba6 Rc7 27. Qe4 Nd5 28. Rb1+ Nb6 29. Bxb6 axb6 30. Rxb6+ Ka7 31. Rc6 Rxc6 32. Qxc6 Rxd4+ 33. Kc1 Qf4+ 34. Kb1 Rb4+ 35. Ka1 Qe5+ 36. c3 Rb6 37. Qc4 Rxa6 38. Rb1 Rb6 39. Qf7+ Ka6 40. Rxb6+ Kxb6 41. Qxg6+ Kc5 42. Qxh7 Qxc3+ 43. Kb1 Qe1+ 44. Kb2 Qe5+ 45. Kc1 Qe1+ 46. Kb2 1/2-1/2

[Event "HUN-chT3"]
[Site "Hungary"]
[Date "1997.??.??"]
[Round "?"]
[White "Ivan, Zoltan"]
[Black "Prantner, Janos Jr"]
[Result "1-0"]
[WhiteElo "2190"]
[BlackElo "2155"]
[PlyCount "111"]
[EventDate "1997.??.??"]
[EventType "team"]
[EventRounds "13"]
[EventCountry "HUN"]
[SourceTitle "EXT 2001"]
[Source "ChessBase"]
[SourceDate "2000.11.22"]
[SourceVersion "1"]
[SourceVersionDate "2000.11.22"]
[SourceQuality "1"]

1. d4 d5 2. c4 e6 3. Nc3 Nf6 4. Nf3 Nbd7 5. Bg5 c6 6. e3 Qa5 7. Nd2 Bb4 8. Bxf6 Nxf6 9. Qc2 Ne4 10. Ndxe4 dxe4 11. Be2 0-0 12. 0-0 Bxc3 13. bxc3 f5 14. f3 exf3 15. Bxf3 e5 16. e4 f4 17. Rab1 Rb8 18. c5 Be6 19. Rf2 g5 20. h3 Kg7 21. Rb4 exd4 22. Qb2 dxc3 23. Qxc3+ Kg6 24. a3 Qc7 25. Rd2 Rbd8 26. Rd6 Rxd6 27. cxd6 Qxd6 28. Rxb7 Rf7 29. e5 Qd8 30. Rxf7 Kxf7 31. Bxc6 Qb6+ 32. Kh2 Qb3 33. Qa5 Qb6 34. Qa4 Qe3 35. Bf3 Qc5 36. Qe4 Kg7 37. a4 Qc7 38. Be2 Kh6 39. Bd3 Qg7 40. Qd4 Qd7 41. Qd6 Kg7 42. Qa6 Qf7 43. a5 h5 44. Qc6 Bd5 45. Qc3 Be6 46. Qd4 g4 47. Qd8 g3+ 48. Kg1 Kh6 49. h4 Kg7 50. Be4 Qd7 51. Qg5+ Kh8 52. Qxh5+ Kg8 53. Qg6+ Kh8 54. Qh6+ Kg8 55. Bh7+ Kh8 56. Bf5+ 1-0

[Event "HUN-chT2 9293"]
[Site "Hungary"]
[Date "1993.??.??"]
[Round "?"]
[White "Prantner, Janos Jr"]
[Black "Bartha, Sandor"]
[Result "0-1"]
[WhiteElo "2315"]
[BlackElo "2280"]
[PlyCount "48"]
[EventDate "1992.??.??"]
[EventType "team"]
[EventRounds "12"]
[EventCountry "HUN"]
[SourceTitle "TD"]
[Source "ChessBase"]
[SourceDate "1994.03.01"]
[SourceVersion "1"]
[SourceVersionDate "1994.03.01"]
[SourceQuality "1"]

1. d4 d5 2. c4 c6 3. Nc3 Nf6 4. Nf3 dxc4 5. a4 Bf5 6. e3 e6 7. Bxc4 Bb4 8. Qb3 a5 9. 0-0 Nbd7 10. Rd1 0-0 11. h3 Qe7 12. Nh4 Bg6 13. Nxg6 hxg6 14. Bd3 c5 15. Ne2 cxd4 16. exd4 Nd5 17. Be4 N7b6 18. Nf4 Rfd8 19. Nxd5 Nxd5 20. Bd2 Rd7 21. Bxd5 Rxd5 22. Bc3 Rad8 23. Re1 Bd6 24. Bxa5 Rxa5 0-1